00497nam a2200157Ia 4500008004100000040001900041041001200060082002200072100002000094245008800114260004500202300002100247650001800268651004300286850001000329131103s9999 xx 000 0 und d aLoreto College aEnglish a891.43/AGAbLCLIB aAgarwal,Hansraj aHindi sahitya ki paramparab Hindi sahitya ka alochanatmak itihas cHansraj Agarwal aLashkar bSahitya Prakashan Mandirc1950 a436 p. c 18 cm. aHindi sahitya aHindi literature-History and criticism aLCLIB